00649nam a2200217Ia 4500008004100000020001800041050001500059050001800074100002400092245005100116245003600167245002400203260001300227260002800240260000900268300001500277300002000292300001100312500004100323650006700364160319s9999 xx 000 0 und d a971-513-102-6 aFIL RT 49  b.C39 1998 c.2 aCawaon, Florence C. aIntroduction to nursing management functions : ba handbook for student nurses / cFlorence C. Cawaon. aManila : bEducational Pub. House, c1998 a98 pages : billustrations ; c25 cm. aIncludes bibliographical references. aNursing services -- Administration -- Handbooks, manuals, etc.